000 00437nam a2200181Ia 4500
008 210210b1959 xxu||||| |||| 00| 0 eng d
041 _aeng
082 _a791/43
100 _aPICTION-HUGHS
245 _aPhysical education for boys
260 _aLondon
_bOxford University Press
_c1959
650 _aPhysical
650 _afor
650 _aeducation
650 _aboys
690 _aAthletic & Outdoor Sports
906 _a011087
999 _c139202
_d139202